000 00298nam a2200121Ia 4500
008 190216s9999||||xx |||||||||||||| ||und||
100 _aHedhu Bharaduraj
245 0 _aHindi- Raste Band Nahin Hote
260 _bPanchazeel Prakashan Jaipure
_c2000
300 _a170
650 _aHindi
942 _cBK
999 _c16142
_d16142